Jak dál ve statistice produktivity?
Predošlé ukazovatele produktivity práce na národohospodárskej, odvetvovej a podnikovej úrovni. Štatistika produktivity v trhovom hospodárstve. Článok je príspevkom pre objasnenie vlastností našich zotrvačnosťou udržovaných indexov produktivity práce a pre objasnenie možných cieľov.
Guardado en:
| Autor principal: | |
|---|---|
| Formato: | Capítulo de libro |
| Lenguaje: | checo |
| Materias: | |
| Etiquetas: |
Sin Etiquetas, Sea el primero en etiquetar este registro!
|
MARC
| LEADER | 00000naa a2200000 4500 | ||
|---|---|---|---|
| 001 | r012962 | ||
| 005 | 20221205080452.5 | ||
| 041 | 0 | |a cze | |
| 044 | |a CZ | ||
| 245 | 1 | 0 | |a Jak dál ve statistice produktivity? |c J. Jílek |
| 520 | |a Predošlé ukazovatele produktivity práce na národohospodárskej, odvetvovej a podnikovej úrovni. Štatistika produktivity v trhovom hospodárstve. Článok je príspevkom pre objasnenie vlastností našich zotrvačnosťou udržovaných indexov produktivity práce a pre objasnenie možných cieľov. | ||
| 610 | 2 | 0 | |a produktivita práce |
| 610 | 2 | 0 | |a údaje štatistické |
| 610 | 2 | 0 | |a indexy |
| 610 | 2 | 0 | |a hospodárstvo trhové |
| 610 | 2 | 0 | |a štatistika |
| 610 | 2 | 0 | |a metódy štatistické |
| 100 | 1 | |a Jílek, Josef | |